Online Catalogue and eLibrary

Nikal (Record no. 4089)

MARC details
000 -LEADER
fixed length control field 00344nam a2200145Ia 4500
005 - DATE AND TIME OF LATEST TRANSACTION
control field 20250319054730.0
008 - FIXED-LENGTH DATA ELEMENTS--GENERAL INFORMATION
fixed length control field 240331s9999 xx 000 0 und d
082 ## - DDC Classification
Item Number - Author Mark NIK
Class No. 894
245 #0 - TITLE STATEMENT
Title Nikal
260 ## - PUBLICATION, DISTRIBUTION, ETC.
Place of publication, distribution, etc. Koyambathoor
Name of publisher, distributor, etc. Uaravu Achagam
Date of publication, distribution, etc. Palanisaami
300 ## - PHYSICAL DESCRIPTION
Extent (e.g. Volumes, Pages etc.) 104 p .,
650 ## - SUBJECT ADDED ENTRY--TOPICAL TERM
Topical term or geographic name entry element Culture
700 ## - ADDED ENTRY--PERSONAL NAME
Personal name Palanisamy, K.
Relator term (Role) Editor
942 ## - Koha item type (Biblio)
Koha item type Books in Stacks (Lending)
Holdings
Lost status Damaged status Collection code Home library Current library Shelving location Date acquired Full call number Accession Number Item type
    Lending WERC Library WERC Library Social Science Cupboard 03/31/2024 894.811 NIK 1654 Books in Stacks (Lending)

© WERC Library